000 01896cam a2200337Ii 4500
001 on1294287560
003 OCoLC
005 20221107173020.0
008 220131s2022 maua 1 000 1 eng d
020 _a1536213608
_q(hardcover)
020 _a9781536213607
_q(hardcover) :
_c$18.99
035 _a(OCoLC)1294287560
_z(OCoLC)1293844165
_z(OCoLC)1293896862
_z(OCoLC)1293933989
_z(OCoLC)1294112350
_z(OCoLC)1294135995
_z(OCoLC)1294219357
040 _aYDX
_beng
_cYDX
_dBDX
_dLIV
_dLJW
_dBKL
_dJCX
_dIK2
_dUPB
_erda
092 _achildren holiday
_bDiCamillo
100 1 _aDiCamillo, Kate,
_eauthor.
_948364
245 1 2 _aA very Mercy Christmas /
_cKate DiCamillo ; illustrated by Chris Van Dusen.
250 _aFirst edition.
264 1 _aSomerville, Massachusetts :
_bCandlewick Press,
_c2022.
300 _a32 unnumbered pages :
_bcolor illustrations ;
_c28 cm
336 _atext
336 _astill image
337 _aunmediated
338 _avolume
520 _aWhen Stella gets the sudden idea to go caroling, she has a little trouble getting someone to join her. Her brother, Frank, is not good at spontaneity. The Watsons are very involved in a precarious fruitcake attempt (but happy to send their pig, Mercy, out for the occasion). Eugenia Lincoln declines, a bit rudely, to accompany on her accordion, and Horace Broom is too busy studying planetary movement. Will Stella need to sing by herself--with enthusiastic contributions from the pig, the cat, and the horse she picks up on the way? Or does the evening hold a miracle Stella hadn't expected?
583 _aJcat
_c20221107
_kpjr
_5UPB
650 0 _aSwine
_vJuvenile fiction.
_95675899
650 0 _aPiglets
_vJuvenile fiction.
_96357491
650 0 _aChristmas
_vJuvenile fiction.
_95686707
700 1 _aVan Dusen, Chris,
_eillustrator.
_943482
942 _2ddc
_cBOOK
999 _c378665
_d378665